| 000 | 02020nam a2200589 i 4500 | ||
|---|---|---|---|
| 001 | 2232 | ||
| 003 | KOSZ 005 | ||
| 005 | 20211203113632.0 | ||
| 008 | 020718s1978 pl a |000 0 pol | ||
| 015 | _aUWD 1978/2213 | ||
| 035 | _a991018979889705066 | ||
| 035 | _a(PL-WaBN)b15141779-48omnis_nlop | ||
| 035 | _ab15141779 | ||
| 035 | _a(OCoLC)830331142 | ||
| 035 | _a(PL)b0000001514177 | ||
| 035 | _a(EXLNZ-48OMNIS_NETWORK)9910401422305606 | ||
| 040 |
_aWA N _cWA N _dKOSZ 005/AR |
||
| 041 | 0 | _apol | |
| 044 | _apl | ||
| 046 | _k1978 | ||
| 080 | _a637.5 | ||
| 080 | _a658.2 | ||
| 080 | _a621.5 | ||
| 080 | _a664 | ||
| 080 | _a664.8/.9 | ||
| 080 | _a(075.3-021.66) | ||
| 100 | 1 |
_aMaciejewski, Wiesław _eAutor |
|
| 245 | 1 | 0 |
_aAparatura i urządzenia techniczne w przemyśle mięsnym / _cWiesław Maciejewski. |
| 250 | _aWydanie 3. | ||
| 260 |
_a[Warszawa] : _bWydawnictwa Szkolne i Pedagogiczne, _c1978. |
||
| 300 |
_a282, [1] strony, 4 karty tablic złożonych : _bilustracje ; _c21 cm. |
||
| 336 |
_aTekst _btxt _2rdacontent |
||
| 337 |
_aBez urządzenia pośredniczącego _bn _2rdamedia |
||
| 338 |
_aWolumin _bnc _2rdacarrier |
||
| 380 | _aKsiążki | ||
| 380 | _aPublikacje dydaktyczne | ||
| 385 |
_aSzkoły zawodowe _mPoziom nauczania |
||
| 388 | _a1901-2000 | ||
| 388 | _a1945-1989 | ||
| 521 | _aPodręcznik dla uczniów 3 i 4 klasy technikum przemysłu spożywczego o specjalności przetwórstwo mięsne. | ||
| 650 | 7 |
_aMięso _2DBN |
|
| 650 | 7 | _aŻywność | |
| 650 | 7 | _aPrzemysł rolno-spożywczy | |
| 650 | 7 | _aZakład przetwórstwa spożywczego | |
| 655 | 7 |
_aPodręczniki dla szkół zawodowych _2DBN |
|
| 658 | _aInżynieria i technika | ||
| 650 | 7 | _a Konstrukcja maszyn i urządzeń | |
| 710 | 2 |
_aWydawnictwa Szkolne i Pedagogiczne _4pbl |
|
| 856 |
_uhttp://koha.tu.koszalin.pl/cgi-bin/koha/opac-detail.pl?biblionumber=2232 _yKatalog online BPK |
||
| 942 |
_2UKD _cKS |
||
| 999 |
_c2232 _d2232 |
||